000 01370nam a2200217Ia 4500
003 Ost
005 20260507075334.0
008 260507s9999||||xx |||||||||||||| ||und||
040 _cfsecg
041 _aara
082 _a330
100 _aيونس، عبد الغفور
_eمؤلف
245 0 _aالتنظيم الصناعي و إدارة الانتاج /
_c عبد الغفور يونس
260 _aالاسكندرية:
_bالمكتب العربي الحديث,
_c2010
300 _a431 صفحة؛
_c24 سم
520 _aعرض عام للثورة الصناعية ، الثورة الصناعية في انجليترا ، صناعة الحديد و الصلب ، الصناعات الكيماوية و تطور النشاط الانتاجي ، ماهية الصناعة و مشاكل الصناعة المثالية، مشاكل توسيع المصنع و ترشيد الصناعة ، توطن الصناعة الانتاجية ، المباني الصناعية ، خطيط العام لمباني المصنع ، التجهيز الرأسمالي مناولة المواد صناعة الآليات ، التنبؤ بالانتاج و دراسة العمل و أخيرا الرقابة على جودة المنتجات
653 _aإدارة الانتاج
653 _aالانتاج الصناعي
653 _aالصناعة
942 _cكتاب
999 _c44028
_d44028